Russia... or USA? - Statistics

General Stats
  • This quiz has been taken 3,073 times
  • The average score is 17 of 20
Answer Stats
Question Answer % Correct
Is larger Russia
98%
Was formerly part of USSR Russia
98%
Is considered to be a Slavic country Russia
98%
Has fifty states USA
98%
Has red color on its flag Both
97%
Has higher GDP per capita USA
95%
Its capital is also its most populous city Russia
93%
Has higher population USA
91%
Is in the northern hemisphere Both
90%
Is a member of NATO USA
89%
Has hosted the Olympics Both
87%
Borders Pacific Ocean Both
85%
Has territory in the Caucasus Russia
84%
Has been an empire Russia
82%
Has been in the Allies of World War II Both
81%
Has more Nobel laureates USA
77%
Has longer coastline Russia
75%
Is in the top 5 countries by corn production a year USA
63%
Is one of the G7 countries USA
53%
Has hosted the FIFA World Cup Both
50%
No matching quizzes found
Score Distribution
Percent of People with Each Score
Percentile by Number Answered
Your Score History
You have not taken this quiz